<?xml version="1.0" encoding="UTF-8"?><?xml-stylesheet type="text/xsl" href="static/style.xsl"?><OAI-PMH xmlns="http://www.openarchives.org/OAI/2.0/" xmlns:xsi="http://www.w3.org/2001/XMLSchema-instance" xsi:schemaLocation="http://www.openarchives.org/OAI/2.0/ http://www.openarchives.org/OAI/2.0/OAI-PMH.xsd"><responseDate>2026-07-05T17:57:03Z</responseDate><request verb="GetRecord" identifier="oai:repisalud.isciii.es:20.500.12105/14038" metadataPrefix="marc">https://repisalud.isciii.es/rest/oai/request</request><GetRecord><record><header><identifier>oai:repisalud.isciii.es:20.500.12105/14038</identifier><datestamp>2025-03-12T09:54:11Z</datestamp><setSpec>com_20.500.12105_5571</setSpec><setSpec>com_20.500.12105_2404</setSpec><setSpec>com_20.500.12105_2403</setSpec><setSpec>col_20.500.12105_5712</setSpec></header><metadata><record xmlns="http://www.loc.gov/MARC21/slim" xmlns:dcterms="http://purl.org/dc/terms/" xmlns:doc="http://www.lyncode.com/xoai" xmlns:xsi="http://www.w3.org/2001/XMLSchema-instance" xsi:schemaLocation="http://www.loc.gov/MARC21/slim http://www.loc.gov/standards/marcxml/schema/MARC21slim.xsd">
   <leader>00925njm 22002777a 4500</leader>
   <datafield ind2=" " ind1=" " tag="042">
      <subfield code="a">dc</subfield>
   </datafield>
   <datafield ind2=" " ind1=" " tag="720">
      <subfield code="a">Bermejo-Sanchez, Eva</subfield>
      <subfield code="e">author</subfield>
   </datafield>
   <datafield ind2=" " ind1=" " tag="720">
      <subfield code="a">Cuevas Catalina, María Lourdes</subfield>
      <subfield code="e">author</subfield>
   </datafield>
   <datafield ind2=" " ind1=" " tag="720">
      <subfield code="a">Mendioroz, J</subfield>
      <subfield code="e">author</subfield>
   </datafield>
   <datafield ind2=" " ind1=" " tag="720">
      <subfield code="a">Grupo Periférico del ECEMC</subfield>
      <subfield code="e">author</subfield>
   </datafield>
   <datafield ind2=" " ind1=" " tag="720">
      <subfield code="a">Martínez-Frías, María Luisa</subfield>
      <subfield code="e">author</subfield>
   </datafield>
   <datafield ind2=" " ind1=" " tag="260">
      <subfield code="c">2008-10</subfield>
   </datafield>
   <datafield ind2=" " ind1=" " tag="520">
      <subfield code="a">The ECEMC (Spanish Collaborative Study of Congenital Malformations) is a research programme, based on a hospital-based, case-control registry of newborn infants in Spain. It was created in 1976 by María Luisa Martínez-Frías and since then it has surveyed a total population of more than 2.5 million births, and studied more than 38,000 infants with congenital anomalies. The coverage of the registry is 21.18% of total births in Spain. The global frequency of infants with congenital defects in Spain has significantly decreased along the time since the passing of the law (year 1985) permitting termination of pregnancy (ToP) after the diagnosis of fetal defects. Thus, the birth frequency has dropped off from 2.22% in the basal period, to 1.43% in 1986-2006, and 1.17% in 2007. This decrease has also been statistically significant in most of the Spanish Autonomic Regions (see Fig. 1), and in many participating hospitals, and affects most of the defects that are routinely under surveillance. These decreases are considered mainly attributable to the impact of ToP. The only Autonomic Region in which an increase of the frequency was observed, was Extremadura, in which the health care has improved considerably in obstetrics and neonatology, allowing the attention of more complicated pregnancies and infants with serious congenital defects, which in the past were transferred to other regions. With respect to the study of a group of 33 defects, which were selected due to their relatively high base frequency or to the morbidity/mortality that they bear, only the heart/vessels defects and unilateral renal agenesis have increased with time. This must be the result of enhancing possibilities for their diagnosis. From the temporal-spatial analyses, there have been increases in the frequency of anophthalmia/microphthalmia in Baleares, diaphragmatic hernia in Tenerife (Islas Canarias), and omphalocele also in Tenerife. The first one was caused by the birth of just one case in 2007, and no causal agent could be specifically linked to the Balearic Islands. Regarding diaphragmatic hernia in Tenerife, after excluding one case with Brachmann-de Lange syndrome, the increase lost its statistical significance, and apparently there was not any common denominator among the other cases registered. With respect to the increase of omphalocele in Tenerife, this was due to the birth of 2 cases in 2007, without any known common characteristic from which a causal relationship could be inferred. Given that there were 2 defects the frequency of which has increased in Tenerife, it could be thought that they could be somehow related. However, omphalocele and diagphragmatic hernia are etiologically and pathogenetically different, so these findings must rather be independent. As in previous years, the ECEMC system of epidemiological surveillance has demonstrated being the only system in Spain to determine the birth frequency of congenital defects in this country, its evolution along the time, and their comparative geographical as well as temporal-spatial distribution. This is the base for causal studies, for planning of healthcare and social resources, and for designing preventive campaigns.</subfield>
   </datafield>
   <datafield ind1="8" ind2=" " tag="024">
      <subfield code="a">Boletín del ECEMC: Rev Dismor Epidemiol 2008; V (nº 7): 58-87</subfield>
   </datafield>
   <datafield ind1="8" ind2=" " tag="024">
      <subfield code="a">0210–3893</subfield>
   </datafield>
   <datafield ind1="8" ind2=" " tag="024">
      <subfield code="a">Boletín del ECEMC: Revista de Dismorfología y Epidemiología</subfield>
   </datafield>
   <datafield ind1="8" ind2=" " tag="024">
      <subfield code="a">http://hdl.handle.net/20.500.12105/14038</subfield>
   </datafield>
   <datafield ind2="0" ind1="0" tag="245">
      <subfield code="a">Frecuencia de anomalías congénitas en España: Vigilancia epidemiológica en el ECEMC en el período 1980-2007</subfield>
   </datafield>
</record></metadata></record></GetRecord></OAI-PMH>